| 000 | 00982nam a2200301Ia 4500 | ||
|---|---|---|---|
| 001 | 12197 | ||
| 003 | IT-RoPAU | ||
| 008 | 130308s9999 xx 000 0 und d | ||
| 040 | _aIT-RoPAU | ||
| 040 | _cIT-RoPAU | ||
| 041 | _aFRANCESE | ||
| 100 | _aRouch Jean | ||
| 100 | _gCodice Aut. SPICS: 1823 | ||
| 245 | _aCamera et les hommes (La) | ||
| 245 | _bPour Une Anthropologie visuel le | ||
| 250 | _a1a ed. | ||
| 260 | _aPARIS | ||
| 260 | _bMouton | ||
| 260 | _c1979 [1° Ed.:1979 - Ed.Ling.Originale:1979] | ||
| 300 | _a"19 p. (prefazione: no ; testo: 19 [pagine: 53-71])" | ||
| 500 | _aCamera Fotografica e gli Uomini cento Anni di Films dell'uomo Pionieri e precursori Rivoluzione Tecnica e Cinema Leggero Cinema Etnografico Oggi Cinema commerciale montaggio commento Titolazione Musica Pubblico del Film Etnografico | ||
| 650 | _aSAGGI DI ANTROPOLOGIA | ||
| 650 | _eCodice materia Spics: 3507 | ||
| 942 | _cBK | ||
| 957 | _71 | ||
| 999 |
_c41886 _d41886 |
||
| 999 | _bSI | ||
| 999 | _g1 | ||